000 01249nam a2200217Ia 4500
001 11834
003 GE_BSU
008 181216s||||||||xx |||||||||||||| ||und||
040 _cGE_BSU
080 _a636.2(075.32)
245 _aმსხვილი რქოსანი საქონელი.
245 _bსოფლის მეურნ. დამხმ.სახ–ლო 2 თანრიგის ოსტატთა მოსაპოვებლად. სამწლიანი აგროზოოტექნიკური კურსები. სწავლების მეორე წელი
245 _cრედ. ე.ა.ნოვიკოვი. რედ. პ. გეგენავა
260 _aთბილისი
260 _bსახელგამი
260 _c1953
300 _a293გვ.23ს.ილ.ცხრ.
653 _aმსხვილი რქოსანი საქონელი.
653 _aსოფლის მეურნ. დამხმ.სახ–ლო 2 თანრიგის ოსტატთა მოსაპოვებლად. სამწლიანი აგროზოოტექნიკური კურსები.
942 _cBK
999 _c45013
_d45013